000 00419nam a22001697a 4500
999 _c4993
_d4991
005 20211005145948.0
008 160701b xxu||||| |||| 00| 0 eng d
020 _a81-85749-82-5
041 _aeng
082 _b17799
100 _aRajput, R K
_96952
245 _aEngineering Metrology & Instrumentation
260 _bS.K. Kataria & Sons
_c2011
300 _a516
650 _aDiploma Engineering
_9817
942 _cBK